Ostrov Jastrabie srdce

Bibliographic Details
Main Authors: Grebennikov, Sergej (Author), Dobronravov, Nikolaj (Author)
Other Authors: Štrasser, Ján, 1946- (Translator)
Format: Book
Language:Slovak
PhysicalDescription:200 s., 12,54 AH 21 cm
Published: Bratislava Mladé letá 1977
Edition:1. vyd.

MARC

LEADER 00000nam a2200000 a 4500
001 vtls001106204
003 SK-MaSNL
005 20260301001359.0
008 250414s1977 xo 0 slo
015 |a SNBA1977 
035 |a SNK000049046 
040 |a SNK  |b slo  |c SNK  |e AACR2 
041 0 |a slo 
044 |a xo  |c SK 
080 |a 882-3(087.5)  |2 1981 
100 1 |a Grebennikov, Sergej  |4 aut  |9 279606 
245 1 0 |a Ostrov Jastrabie srdce  |c Sergej GREBENNIKOV, Nikolaj DOBRONRAVOV ; Sergej Grebennikov, Nikolaj Dobronravov, Ján Štrasser, Ján Zelenák 
250 |a 1. vyd. 
260 |a Bratislava  |b Mladé letá  |c 1977  |e Banská Bystrica  |f Tlačiarne SNP 
300 |a 200 s., 12,54 AH  |c 21 cm 
366 |e 6000 výtl. 
500 |a Ilustr. na front. Pre čitateĺov od 9 rokov. 
700 1 |a Dobronravov, Nikolaj  |4 aut  |9 279607 
700 1 |a Grebennikov, Sergej  |4 aut  |9 279606 
700 1 |a Štrasser, Ján,  |d 1946-  |4 trl  |9 93512 
700 1 |a Zelenák, Ján  |4 bkd  |9 279030 
852 |a Slovenská národná knižnica 
954 |a romány dobrodružné  |a literatúra pre deti a mládež  |a literatúra národov ZSSR 
954 |a deti ruské  |a žiaci sovietski  |a kolektívy detské 
958 |a OND 
958 |a SS 
958 |a DB 
958 |a TL 
958 |a UP 
999 |c 534770  |d 536700 
952 |a SNK  |b SNK  |y VYP  |7 0  |p 17A1075846  |o snkSC 41166 D1  |i snkKSP 3260/77  |0 0  |1 0  |4 0  |d 2014-07-25  |l 0  |r 2026-02-23 12:21:48  |w 2026-02-23